| 000 | 00718nac a22002171u 4500 | ||
|---|---|---|---|
| 008 | 101104s2006 m |||||r|||| 00| 0 eng d | ||
| 010 | _a 2004351753 | ||
| 020 | _a0619159847 | ||
| 020 | _a0619215283 | ||
| 020 | _a1418835900 (CD-ROM) | ||
| 035 | _a(OCoLC)ocm54002980 | ||
| 082 | 0 | 0 |
_a658.404 _bSCH _222 |
| 100 |
_aSchwalbe, Kathy. _920931 |
||
| 245 | 1 | 0 |
_aInformation Technology Project Management / _cKathy Schwalbe |
| 250 | _a4th ed. | ||
| 260 |
_aCambridge, Mass. : _bThomson/Course Technology,2006 _c2006. |
||
| 300 |
_ap. : _bill. ; _c24 cm. + _e1 CD ROM (4 3/4 in.) |
||
| 650 | 0 |
_aProject management. _920932 |
|
| 650 | 0 |
_aInformation technology _xManagement. _920933 |
|
| 942 |
_cBB _k658.404 SCH _2ddc |
||
| 999 |
_c366 _d366 |
||